| Tag |
First Indicator |
Second Indicator |
Subfields |
| LEADER |
00000cam a2200000 4500 |
| 001 |
in00000098860 |
| 005 |
20150926125532.0 |
| 008 |
750819s1959 eng u |
| 010 |
|
|
|a 59014889
|
| 035 |
|
|
|a (OCoLC)01558876
|
| 035 |
|
|
|9 AAL3537AM
|
| 040 |
|
|
|c DZM
|d TXA
|d UtOrBLW
|
| 049 |
|
|
|a TXAM
|c [379359]
|
| 050 |
0 |
0 |
|a TN605
|b .R4 1958
|
| 111 |
2 |
|
|a Reactive Metals Conference
|n (3d :
|d 1958 :
|c Buffalo)
|
| 245 |
1 |
0 |
|a Reactive metals ;
|b proceedings /
|c Edited by W. R. Clough.
|
| 264 |
|
1 |
|a New York :
|b Interscience Publishers,
|c [1959]
|
| 264 |
|
4 |
|c [©1959]
|
| 300 |
|
|
|a xiv, 610 pages :
|b illustrations, diagrams, tables. ;
|c 24 cm.
|
| 336 |
|
|
|a text
|b txt
|2 rdacontent
|
| 337 |
|
|
|a unmediated
|b n
|2 rdamedia
|
| 338 |
|
|
|a volume
|b nc
|2 rdacarrier
|
| 490 |
1 |
|
|a Metallurgical Society conferences,
|v v. 2
|
| 504 |
|
|
|a Includes bibliographies.
|
| 650 |
|
0 |
|a Metallurgy
|v Congresses.
|
| 700 |
1 |
|
|a Clough, William R.
|
| 830 |
|
0 |
|a Metallurgical Society conferences ;
|v v. 2.
|
| 999 |
|
|
|a MARS
|
| 999 |
f |
f |
|s f99931f6-3dd9-39a5-a213-b3d87bc294a0
|i 785a9f6a-2100-351b-9cc6-5d2b3c22907c
|t 0
|
| 952 |
f |
f |
|p ric
|a Texas A&M University
|b Rellis Campus
|c Joint Library Facility
|d Remote Storage
|t 0
|e TN605 .R4 1958
|h Library of Congress classification
|i unmediated -- volume
|m A14805578314
|
| 998 |
f |
f |
|a TN605 .R4 1958
|t 0
|l Remote Storage
|